000 00312nam a2200109Ia 4500
008 171211s9999 xx 000 0 und d
245 _aGambling and Problem Gambling in Britain by Bob Erens
245 _cBob Erens
260 _c2003
650 _xGAMBLING
856 _uhttp://down.ebook777.com/040/1583919228.pdf
999 _c349003
_d349003